[Event "DEM U10 2025"]
[Site "Willingen GER"]
[Date "2025.06.10"]
[Round "4"]
[White "Schröder, Liam"]
[Black "Üstüntas, Nadir"]
[Result "1-0"]
[Termination "normal"]
[Board "22"]
[WhiteElo "1537"]
[BlackElo "1179"]
[WhiteClock "00:57:46"]
[BlackClock "01:11:40"]
[PlyCount "71"]
[WhiteFideId "34651020"]
[BlackFideId "533004064"]
[EventCountry "GER"]
[EventRounds "9"]
[EventType "swiss"]
[EventDate "2025.06.07"]

1. e4 {[%clk 01:30:59]} {[%emt 00:00:01]} c6 {[%clk 01:30:57]} {[%emt
00:00:04]} 2. Nc3 {[%clk 01:31:18]} {[%emt 00:00:10]} d5 {[%clk 01:31:18]}
{[%emt 00:00:09]} 3. exd5 {[%clk 01:31:22]} {[%emt 00:00:27]} cxd5 {[%clk
01:31:42]} {[%emt 00:00:06]} 4. d4 {[%clk 01:31:15]} {[%emt 00:00:36]} Nc6
{[%clk 01:32:03]} {[%emt 00:00:09]} 5. Nf3 {[%clk 01:27:55]} {[%emt 00:03:50]}
Bg4 {[%clk 01:32:26]} {[%emt 00:00:07]} 6. Be2 {[%clk 01:27:54]} {[%emt
00:00:30]} g6 {[%clk 01:32:37]} {[%emt 00:00:20]} 7. Be3 {[%clk 01:28:05]}
{[%emt 00:00:18]} Bg7 {[%clk 01:32:59]} {[%emt 00:00:09]} 8. O-O {[%clk
01:26:50]} {[%emt 00:01:44]} e6 {[%clk 01:33:11]} {[%emt 00:00:19]} 9. Qd2
{[%clk 01:25:21]} {[%emt 00:01:58]} h5 {[%clk 01:33:16]} {[%emt 00:00:26]} 10.
Ng5 {[%clk 01:22:04]} {[%emt 00:03:46]} Qc7 {[%clk 01:32:47]} {[%emt 00:01:00]}
11. Nb5 {[%clk 01:19:09]} {[%emt 00:03:25]} Qd7 {[%clk 01:32:12]} {[%emt
00:01:02]} 12. f3 {[%clk 01:10:00]} {[%emt 00:09:41]} Bf5 {[%clk 01:32:34]}
{[%emt 00:00:09]} 13. Bf4 {[%clk 01:08:34]} {[%emt 00:01:55]} Nxd4 {[%clk
01:32:04]} {[%emt 00:00:59]} 14. Nxd4 {[%clk 01:08:12]} {[%emt 00:00:53]} e5
{[%clk 01:29:40]} {[%emt 00:02:54]} 15. Bb5 {[%clk 01:08:31]} {[%emt 00:00:12]}
O-O-O {[%clk 01:28:56]} {[%emt 00:01:14]} 16. Bxd7+ {[%clk 01:08:47]} {[%emt
00:00:15]} Rxd7 {[%clk 01:28:47]} {[%emt 00:00:38]} 17. Nxf5 {[%clk 01:09:09]}
{[%emt 00:00:09]} gxf5 {[%clk 01:28:38]} {[%emt 00:00:39]} 18. Bg3 {[%clk
01:07:27]} {[%emt 00:02:10]} f4 {[%clk 01:24:01]} {[%emt 00:05:06]} 19. Bf2
{[%clk 01:07:19]} {[%emt 00:00:39]} a6 {[%clk 01:23:37]} {[%emt 00:00:56]} 20.
Bb6 {[%clk 01:04:18]} {[%emt 00:03:28]} Kb8 {[%clk 01:18:45]} {[%emt 00:05:23]}
21. c3 {[%clk 00:57:00]} {[%emt 00:07:48]} Bh6 {[%clk 01:18:08]} {[%emt
00:01:08]} 22. Nxf7 {[%clk 00:55:44]} {[%emt 00:01:46]} Rxf7 {[%clk 01:17:36]}
{[%emt 00:01:02]} 23. Qxd5 {[%clk 00:56:05]} {[%emt 00:00:09]} Bg5 {[%clk
01:09:00]} {[%emt 00:09:07]} 24. Qxf7 {[%clk 00:56:16]} {[%emt 00:00:18]} Nh6
{[%clk 01:09:01]} {[%emt 00:00:30]} 25. Qc7+ {[%clk 00:56:22]} {[%emt
00:00:23]} Ka8 {[%clk 01:09:22]} {[%emt 00:00:10]} 26. Qxe5 {[%clk 00:56:31]}
{[%emt 00:00:19]} Rg8 {[%clk 01:09:47]} {[%emt 00:00:07]} 27. Rfe1 {[%clk
00:56:19]} {[%emt 00:00:40]} Nf7 {[%emt 00:01:23]} 28. Qe8+ {[%clk 00:55:43]}
{[%emt 00:01:04]} Rxe8 {[%clk 01:09:17]} {[%emt 00:00:12]} 29. Rxe8+ {[%clk
00:56:07]} {[%emt 00:00:05]} Nd8 {[%clk 01:09:23]} {[%emt 00:00:24]} 30. Bxd8
{[%clk 00:56:32]} {[%emt 00:00:05]} Bxd8 {[%clk 01:09:47]} {[%emt 00:00:07]}
31. Rxd8+ {[%clk 00:56:57]} {[%emt 00:00:04]} Ka7 {[%clk 01:10:13]} {[%emt
00:00:05]} 32. Re1 {[%clk 00:57:16]} {[%emt 00:00:11]} h4 {[%clk 01:10:35]}
{[%emt 00:00:08]} 33. c4 {[%clk 00:57:36]} {[%emt 00:00:10]} h3 {[%clk
01:11:00]} {[%emt 00:00:06]} 34. c5 {[%clk 00:57:37]} {[%emt 00:00:30]} hxg2
{[%clk 01:11:24]} {[%emt 00:00:05]} 35. Ree8 {[%clk 00:57:57]} {[%emt
00:00:10]} b6 {[%clk 01:11:40]} {[%emt 00:00:15]} 36. Re7# {[%clk 00:57:46]}
1-0

[Event "DEM U10 2025"]
[Site "Willingen GER"]
[Date "2025.06.10"]
[Round "4"]
[White "Frerich, Theo"]
[Black "Hou, Minmu"]
[Result "1-0"]
[Termination "normal"]
[Board "23"]
[WhiteElo "1167"]
[BlackElo "1355"]
[WhiteClock "00:50:08"]
[BlackClock "00:21:04"]
[PlyCount "119"]
[WhiteFideId "533003505"]
[BlackFideId "533041490"]
[EventCountry "GER"]
[EventRounds "9"]
[EventType "swiss"]
[EventDate "2025.06.07"]

1. e4 {[%clk 01:30:59]} e5 {[%clk 01:30:54]} {[%emt 00:00:07]} 2. Nf3 {[%clk
01:31:25]} {[%emt 00:00:04]} Nc6 {[%clk 01:31:15]} {[%emt 00:00:08]} 3. Bb5
{[%clk 01:31:51]} {[%emt 00:00:04]} a6 {[%clk 01:31:37]} {[%emt 00:00:09]} 4.
Ba4 {[%clk 01:32:16]} {[%emt 00:00:05]} d6 {[%clk 01:31:49]} {[%emt 00:00:18]}
5. O-O {[%clk 01:32:34]} {[%emt 00:00:11]} Bg4 {[%clk 01:32:05]} {[%emt
00:00:14]} 6. d3 {[%clk 01:32:50]} {[%emt 00:00:15]} b5 {[%clk 01:32:23]}
{[%emt 00:00:13]} 7. Bb3 {[%clk 01:33:09]} {[%emt 00:00:11]} Nd4 {[%clk
01:32:41]} {[%emt 00:00:12]} 8. Nbd2 {[%clk 01:33:11]} {[%emt 00:00:26]} Be7
{[%clk 01:32:10]} {[%emt 00:01:02]} 9. c3 {[%clk 01:33:26]} {[%emt 00:00:14]}
Nxf3+ {[%clk 01:32:25]} {[%emt 00:00:15]} 10. Nxf3 {[%clk 01:33:49]} {[%emt
00:00:07]} Bh4 {[%clk 01:29:34]} {[%emt 00:03:21]} 11. h3 {[%clk 01:32:54]}
{[%emt 00:01:26]} Bxf3 {[%clk 01:28:51]} {[%emt 00:01:13]} 12. Qxf3 {[%clk
01:32:08]} {[%emt 00:01:14]} Qf6 {[%clk 01:27:27]} {[%emt 00:01:56]} 13. Qe2
{[%clk 01:29:06]} {[%emt 00:03:32]} Ne7 {[%clk 01:25:40]} {[%emt 00:02:17]} 14.
a4 {[%clk 01:25:20]} {[%emt 00:04:16]} O-O {[%clk 01:24:50]} {[%emt 00:01:20]}
15. Be3 {[%clk 01:23:31]} {[%emt 00:02:19]} c5 {[%clk 01:24:31]} {[%emt
00:00:49]} 16. f4 {[%clk 01:19:04]} {[%emt 00:04:57]} Rac8 {[%clk 01:21:13]}
{[%emt 00:03:48]} 17. fxe5 {[%clk 01:17:19]} {[%emt 00:02:15]} Qxe5 {[%clk
01:20:55]} {[%emt 00:00:48]} 18. Bf4 {[%clk 01:17:02]} {[%emt 00:00:47]} Qf6
{[%clk 01:19:03]} {[%emt 00:02:22]} 19. Bg3 {[%clk 01:16:36]} {[%emt 00:00:55]}
Qh6 {[%clk 01:17:17]} {[%emt 00:02:16]} 20. Bf4 {[%clk 01:14:51]} {[%emt
00:02:14]} Bg5 {[%clk 01:14:27]} {[%emt 00:03:20]} 21. Bg3 {[%clk 01:12:11]}
{[%emt 00:03:11]} Be3+ {[%clk 01:08:34]} {[%emt 00:06:23]} 22. Kh1 {[%clk
01:10:36]} {[%emt 00:02:03]} Rb8 {[%clk 01:04:40]} {[%emt 00:04:25]} 23. axb5
{[%clk 01:09:58]} {[%emt 00:01:09]} axb5 {[%emt 00:01:59]} 24. Ra6 {[%clk
01:08:41]} {[%emt 00:01:46]} Nc8 {[%clk 01:02:06]} {[%emt 00:01:36]} 25. e5
{[%clk 01:06:01]} {[%emt 00:03:10]} Qg5 {[%clk 00:58:39]} {[%emt 00:03:57]} 26.
Rf3 {[%clk 01:05:27]} {[%emt 00:01:04]} Bc1 {[%clk 00:57:08]} {[%emt 00:02:01]}
27. exd6 {[%clk 01:04:29]} {[%emt 00:01:28]} Rb6 {[%clk 00:54:31]} {[%emt
00:03:08]} 28. Rxf7 {[%clk 01:01:40]} {[%emt 00:03:17]} Rxa6 {[%clk 00:38:07]}
{[%emt 00:16:55]} 29. Rf5+ {[%clk 00:59:27]} {[%emt 00:02:43]} c4 {[%clk
00:33:32]} {[%emt 00:05:06]} 30. Bxc4+ {[%clk 00:58:37]} {[%emt 00:01:19]} bxc4
{[%clk 00:33:05]} {[%emt 00:00:57]} 31. Rxg5 {[%clk 00:58:46]} {[%emt
00:00:20]} Bxg5 {[%clk 00:32:27]} {[%emt 00:01:09]} 32. d7 {[%clk 00:57:16]}
{[%emt 00:02:00]} Ra1+ {[%clk 00:30:30]} {[%emt 00:02:27]} 33. Kh2 {[%clk
00:56:58]} {[%emt 00:00:49]} Na7 {[%clk 00:22:45]} {[%emt 00:08:15]} 34. Qe6+
{[%clk 00:56:06]} {[%emt 00:01:21]} Kh8 {[%clk 00:20:33]} {[%emt 00:02:42]} 35.
Bd6 {[%clk 00:56:25]} {[%emt 00:00:11]} Rg8 {[%clk 00:19:07]} {[%emt 00:01:57]}
36. Qxc4 {[%clk 00:54:46]} {[%emt 00:02:09]} h6 {[%clk 00:19:08]} {[%emt
00:00:29]} 37. Qd4 {[%clk 00:52:46]} {[%emt 00:02:30]} Nc6 {[%clk 00:19:16]}
{[%emt 00:00:21]} 38. Qe4 {[%clk 00:51:39]} {[%emt 00:01:37]} Nd8 {[%clk
00:19:28]} {[%emt 00:00:18]} 39. b4 {[%clk 00:51:33]} {[%emt 00:00:37]} Nf7
{[%clk 00:19:43]} {[%emt 00:00:15]} 40. Bc5 {[%clk 00:50:29]} {[%emt 00:01:32]}
Rf1 {[%clk 00:19:16]} {[%emt 00:00:58]} 41. c4 {[%clk 00:49:16]} {[%emt
00:01:44]} Bf4+ {[%clk 00:19:27]} {[%emt 00:00:19]} 42. g3 {[%clk 00:49:39]}
{[%emt 00:00:06]} Bg5 {[%clk 00:19:43]} {[%emt 00:00:15]} 43. h4 {[%clk
00:49:55]} {[%emt 00:00:14]} Bd8 {[%clk 00:19:58]} {[%emt 00:00:16]} 44. b5
{[%clk 00:49:29]} {[%emt 00:00:56]} Rb1 {[%clk 00:19:59]} {[%emt 00:00:27]} 45.
Qe8 {[%clk 00:48:52]} {[%emt 00:01:08]} Rf1 {[%clk 00:19:41]} {[%emt 00:00:48]}
46. b6 {[%clk 00:48:55]} {[%emt 00:00:27]} Bxb6 {[%clk 00:19:47]} {[%emt
00:00:24]} 47. Bxb6 {[%clk 00:49:13]} {[%emt 00:00:11]} Rf3 {[%clk 00:19:46]}
{[%emt 00:00:30]} 48. Kg2 {[%clk 00:48:46]} {[%emt 00:00:58]} Rf5 {[%clk
00:19:28]} {[%emt 00:00:49]} 49. c5 {[%clk 00:48:03]} {[%emt 00:01:13]} Kh7
{[%clk 00:18:52]} {[%emt 00:01:05]} 50. c6 {[%clk 00:46:46]} {[%emt 00:01:47]}
Nd6 {[%clk 00:19:10]} {[%emt 00:00:12]} 51. Qxg8+ {[%clk 00:46:49]} {[%emt
00:00:27]} Kxg8 {[%clk 00:19:15]} {[%emt 00:00:26]} 52. d8=Q+ {[%emt 00:00:10]}
Kh7 {[%emt 00:00:14]} 53. Qxd6 {[%clk 00:46:46]} {[%emt 00:00:09]} g5 {[%clk
00:18:46]} {[%emt 00:00:58]} 54. h5 {[%clk 00:46:22]} {[%emt 00:00:54]} g4
{[%clk 00:19:07]} {[%emt 00:00:09]} 55. Qd7+ {[%clk 00:46:39]} {[%emt
00:00:13]} Kg8 {[%clk 00:19:21]} 56. Qxf5 {[%clk 00:46:39]} Kh8 {[%clk
00:19:21]} 57. Qxg4 {[%clk 00:46:39]} Kh7 {[%clk 00:20:26]} {[%emt 00:02:23]}
58. c7 {[%clk 00:49:23]} {[%emt 00:00:06]} Kh8 {[%clk 00:20:50]} {[%emt
00:00:09]} 59. c8=Q+ {[%clk 00:49:45]} {[%emt 00:00:10]} Kh7 {[%clk 00:21:04]}
{[%emt 00:00:16]} 60. Qgg8# {[%clk 00:50:08]} {[%emt 00:00:07]} 1-0

[Event "DEM U10 2025"]
[Site "Willingen GER"]
[Date "2025.06.10"]
[Round "4"]
[White "Möller, Julian"]
[Black "Leja, Luis"]
[Result "0-1"]
[Termination "normal"]
[Board "24"]
[WhiteElo "1161"]
[BlackElo "1344"]
[WhiteClock "00:09:58"]
[BlackClock "01:00:32"]
[PlyCount "180"]
[WhiteFideId "533022577"]
[BlackFideId "34699813"]
[EventCountry "GER"]
[EventRounds "9"]
[EventType "swiss"]
[EventDate "2025.06.07"]

1. e4 {[%clk 01:30:57]} {[%emt 00:00:02]} c6 {[%clk 01:30:52]} {[%emt
00:00:09]} 2. Nc3 {[%clk 01:31:15]} {[%emt 00:00:11]} d5 {[%clk 01:31:05]}
{[%emt 00:00:17]} 3. Qe2 {[%clk 01:31:03]} {[%emt 00:00:40]} d4 {[%clk
01:29:57]} {[%emt 00:01:40]} 4. Nd1 {[%clk 01:30:58]} {[%emt 00:00:34]} a6
{[%clk 01:29:43]} {[%emt 00:00:44]} 5. d3 {[%clk 01:30:38]} {[%emt 00:00:46]}
c5 {[%clk 01:29:46]} {[%emt 00:00:32]} 6. g3 {[%clk 01:30:14]} {[%emt
00:00:53]} e5 {[%clk 01:29:46]} {[%emt 00:00:31]} 7. Bg2 {[%clk 01:29:36]}
{[%emt 00:01:08]} Nc6 {[%clk 01:29:55]} {[%emt 00:00:22]} 8. Nf3 {[%clk
01:26:53]} {[%emt 00:03:12]} Be7 {[%clk 01:29:12]} {[%emt 00:01:14]} 9. O-O
{[%clk 01:26:25]} {[%emt 00:00:58]} Nf6 {[%clk 01:29:36]} {[%emt 00:00:06]} 10.
b3 {[%clk 01:25:12]} {[%emt 00:01:43]} b5 {[%clk 01:28:54]} {[%emt 00:01:11]}
11. Rb1 {[%clk 01:21:57]} {[%emt 00:03:46]} Bd7 {[%clk 01:26:44]} {[%emt
00:02:40]} 12. c4 {[%clk 01:19:16]} {[%emt 00:03:10]} b4 {[%clk 01:26:32]}
{[%emt 00:00:43]} 13. a3 {[%clk 01:18:10]} {[%emt 00:01:36]} a5 {[%clk
01:26:44]} {[%emt 00:00:18]} 14. a4 {[%clk 01:16:49]} {[%emt 00:01:50]} h6
{[%clk 01:25:30]} {[%emt 00:01:44]} 15. Bd2 {[%clk 01:11:26]} {[%emt 00:05:53]}
O-O {[%clk 01:25:08]} {[%emt 00:00:52]} 16. Ne1 {[%clk 01:08:54]} {[%emt
00:03:01]} Re8 {[%clk 01:24:41]} {[%emt 00:00:58]} 17. f4 {[%clk 01:08:30]}
{[%emt 00:00:53]} Bd6 {[%clk 01:22:27]} {[%emt 00:02:46]} 18. f5 {[%clk
01:08:34]} {[%emt 00:00:25]} Kh7 {[%clk 01:20:55]} {[%emt 00:02:02]} 19. Nf2
{[%clk 01:07:48]} {[%emt 00:01:16]} Rf8 {[%clk 01:19:36]} {[%emt 00:01:50]} 20.
Nd1 {[%clk 01:02:51]} {[%emt 00:05:27]} g6 {[%clk 01:19:39]} {[%emt 00:00:27]}
21. fxg6+ {[%clk 01:02:42]} {[%emt 00:00:39]} fxg6 {[%clk 01:20:03]} {[%emt
00:00:06]} 22. Bc1 {[%clk 01:02:42]} {[%emt 00:00:30]} Ra7 {[%clk 01:18:23]}
{[%emt 00:02:10]} 23. Nf2 {[%clk 01:00:55]} {[%emt 00:02:17]} Be6 {[%clk
01:17:36]} {[%emt 00:01:17]} 24. Qd2 {[%clk 01:00:22]} {[%emt 00:01:02]} g5
{[%clk 01:16:38]} {[%emt 00:01:28]} 25. Rb2 {[%clk 00:53:17]} {[%emt 00:07:35]}
Raf7 {[%clk 01:15:26]} {[%emt 00:01:43]} 26. Qd1 {[%clk 00:48:18]} {[%emt
00:05:29]} Kg7 {[%clk 01:10:47]} {[%emt 00:03:46]} 27. Nh3 Nh7 {[%emt
00:06:10]} 28. Rxf7+ {[%clk 00:44:41]} {[%emt 00:00:19]} Rxf7 {[%clk 01:07:20]}
{[%emt 00:02:48]} 29. Rf2 {[%clk 00:42:29]} Rxf2 30. Nxf2 Qd7 {[%clk 01:05:08]}
{[%emt 00:00:50]} 31. Bf3 {[%clk 00:39:27]} {[%emt 00:03:32]} Nf6 {[%emt
00:03:01]} 32. Ng2 {[%clk 00:36:54]} {[%emt 00:01:00]} Nd8 {[%clk 01:04:05]}
{[%emt 00:01:05]} 33. Qd2 {[%clk 00:35:53]} {[%emt 00:01:30]} Be7 {[%clk
01:03:03]} {[%emt 00:01:33]} 34. Qd1 {[%clk 00:29:41]} {[%emt 00:06:42]} Nf7
{[%clk 01:01:38]} {[%emt 00:01:55]} 35. Bd2 {[%clk 00:27:41]} {[%emt 00:02:29]}
g4 {[%clk 00:59:23]} {[%emt 00:02:46]} 36. Be2 {[%clk 00:27:49]} {[%emt
00:00:21]} h5 {[%clk 00:59:14]} {[%emt 00:00:39]} 37. Qc1 {[%clk 00:26:40]}
{[%emt 00:01:38]} Nh7 {[%emt 00:03:11]} 38. Kf1 {[%clk 00:23:43]} {[%emt
00:01:32]} Bg5 {[%clk 00:58:09]} {[%emt 00:00:50]} 39. Bxg5 {[%clk 00:23:43]}
{[%emt 00:00:29]} Nfxg5 {[%clk 00:58:21]} 40. Kg1 {[%clk 00:22:09]} {[%emt
00:02:22]} Qf7 {[%clk 00:57:37]} 41. Qf1 {[%clk 00:19:11]} {[%emt 00:04:43]}
Nf3+ {[%clk 00:55:23]} 42. Bxf3 {[%clk 00:19:21]} {[%emt 00:03:03]} Qxf3 {[%clk
00:55:31]} 43. Qd1 {[%clk 00:19:21]} Ng5 {[%clk 00:55:31]} 44. Qxf3 {[%clk
00:19:21]} Nxf3+ {[%clk 00:55:31]} 45. Kh1 {[%clk 00:17:36]} {[%emt 00:04:57]}
Nd2 {[%clk 00:55:34]} 46. Kg1 {[%clk 00:16:16]} {[%emt 00:01:57]} Nxb3 {[%clk
00:55:49]} 47. Kf1 {[%clk 00:16:01]} {[%emt 00:01:00]} Bd7 {[%clk 00:56:11]}
48. Ke1 {[%clk 00:16:19]} {[%emt 00:00:21]} Bxa4 {[%clk 00:56:32]} 49. Kd1
{[%clk 00:16:30]} {[%emt 00:00:28]} Bc6 {[%clk 00:56:50]} 50. Kc2 {[%clk
00:16:34]} {[%emt 00:00:39]} a4 {[%clk 00:57:09]} 51. Nd1 {[%clk 00:16:50]}
{[%emt 00:00:24]} Na5 {[%clk 00:57:27]} 52. Ne1 {[%clk 00:16:46]} {[%emt
00:00:45]} a3 {[%clk 00:57:42]} 53. Kb1 {[%clk 00:16:40]} {[%emt 00:00:52]} Ba4
{[%clk 00:57:21]} 54. Nf2 {[%clk 00:17:02]} {[%emt 00:01:00]} b3 {[%clk
00:57:14]} 55. h3 {[%clk 00:16:40]} {[%emt 00:01:28]} b2 {[%clk 00:57:05]} 56.
hxg4 {[%clk 00:16:36]} {[%emt 00:01:13]} Kg6 {[%clk 00:57:03]} {[%emt
00:00:32]} 57. gxh5+ {[%clk 00:16:22]} {[%emt 00:00:43]} Kxh5 {[%emt 00:01:11]}
58. Nf3 {[%clk 00:15:27]} {[%emt 00:00:22]} Kh6 {[%emt 00:00:18]} 59. Nxe5
{[%clk 00:15:47]} {[%emt 00:00:08]} Nb3 {[%clk 00:58:00]} {[%emt 00:00:11]} 60.
Nf3 {[%clk 00:15:27]} {[%emt 00:00:49]} Nc1 {[%clk 00:56:34]} {[%emt 00:01:56]}
61. Nd2 {[%clk 00:12:03]} {[%emt 00:03:54]} Ne2 {[%clk 00:56:49]} {[%emt
00:00:16]} 62. Ka2 {[%clk 00:10:50]} {[%emt 00:01:42]} Bc2 {[%clk 00:56:18]}
{[%emt 00:01:01]} 63. Kxa3 {[%clk 00:07:32]} {[%emt 00:03:48]} b1=Q {[%clk
00:56:33]} {[%emt 00:00:15]} 64. Nxb1 {[%clk 00:07:52]} {[%emt 00:00:10]} Bxb1
{[%clk 00:56:45]} {[%emt 00:00:19]} 65. Ka4 {[%clk 00:07:45]} {[%emt 00:00:35]}
Nc1 {[%clk 00:56:34]} {[%emt 00:00:42]} 66. Kb5 {[%clk 00:07:23]} {[%emt
00:00:53]} Nb3 {[%clk 00:54:46]} {[%emt 00:02:18]} 67. Kc6 {[%clk 00:07:14]}
{[%emt 00:00:39]} Kg6 {[%clk 00:54:52]} {[%emt 00:00:24]} 68. e5 {[%clk
00:06:31]} {[%emt 00:01:12]} Nc1 {[%clk 00:54:55]} {[%emt 00:00:27]} 69. Kd7
{[%clk 00:06:24]} {[%emt 00:00:36]} Bxd3 {[%clk 00:55:05]} {[%emt 00:00:20]}
70. Nxd3 {[%clk 00:06:20]} {[%emt 00:00:34]} Nxd3 {[%clk 00:55:29]} {[%emt
00:00:07]} 71. e6 {[%clk 00:06:18]} {[%emt 00:00:33]} Ne5+ {[%clk 00:55:26]}
{[%emt 00:00:32]} 72. Kd6 {[%clk 00:06:17]} {[%emt 00:00:30]} Kg7 {[%clk
00:55:08]} 73. Kxe5 {[%clk 00:05:02]} {[%emt 00:02:34]} Kf8 {[%emt 00:00:21]}
74. g4 {[%clk 00:05:10]} {[%emt 00:00:19]} d3 {[%clk 00:55:39]} {[%emt
00:00:11]} 75. g5 {[%clk 00:05:37]} {[%emt 00:00:03]} d2 {[%clk 00:55:53]}
{[%emt 00:00:16]} 76. g6 {[%clk 00:05:47]} {[%emt 00:00:19]} d1=Q {[%clk
00:56:09]} {[%emt 00:00:06]} 77. g7+ {[%clk 00:06:07]} {[%emt 00:00:17]} Kxg7
{[%clk 00:56:32]} 78. e7 {[%clk 00:06:31]} {[%emt 00:00:14]} Qh5+ {[%clk
00:56:47]} 79. Ke4 {[%clk 00:06:48]} {[%emt 00:00:27]} Qe8 {[%clk 00:56:59]}
80. Kd3 {[%clk 00:07:10]} {[%emt 00:00:28]} Qxe7 {[%clk 00:57:17]} 81. Kc3
{[%clk 00:07:22]} {[%emt 00:00:27]} Qe3+ {[%clk 00:57:36]} 82. Kc2 {[%clk
00:07:35]} {[%emt 00:00:31]} Kf6 {[%clk 00:57:58]} 83. Kb2 {[%clk 00:07:46]}
{[%emt 00:00:26]} Ke5 {[%emt 00:00:18]} 84. Kc2 {[%clk 00:08:01]} {[%emt
00:00:10]} Kd4 {[%emt 00:00:07]} 85. Kb2 {[%clk 00:08:23]} {[%emt 00:00:07]}
Kxc4 {[%clk 00:58:52]} {[%emt 00:00:17]} 86. Kc2 {[%clk 00:08:42]} {[%emt
00:00:11]} Qd3+ {[%clk 00:59:14]} {[%emt 00:00:08]} 87. Kb2 {[%clk 00:08:55]}
{[%emt 00:00:18]} Qc3+ {[%clk 00:59:27]} {[%emt 00:00:16]} 88. Kb1 {[%clk
00:09:12]} {[%emt 00:00:12]} Qd2 {[%clk 00:59:46]} {[%emt 00:00:12]} 89. Ka1
{[%clk 00:09:36]} {[%emt 00:00:07]} Kb3 {[%clk 01:00:06]} {[%emt 00:00:09]} 90.
Kb1 {[%clk 00:09:58]} {[%emt 00:00:08]} Qd1# {[%clk 01:00:32]} {[%emt
00:00:05]} 0-1